Online Catalogue and eLibrary

Feminist experiences : (Record no. 109)

MARC details
000 -LEADER
fixed length control field 00691cam a2200253 a 4500
001 - CONTROL NUMBER
control field 516080
005 - DATE AND TIME OF LATEST TRANSACTION
control field 20231130070704.0
008 - FIXED-LENGTH DATA ELEMENTS--GENERAL INFORMATION
fixed length control field 860428s1986 enk b 001 0 eng
020 ## - INTERNATIONAL STANDARD BOOK NUMBER
ISBN 0043012736 (alk. paper)
020 ## - INTERNATIONAL STANDARD BOOK NUMBER
ISBN 0043012744 (pbk. : alk. paper)
040 ## - CATALOGING SOURCE (பட்டியலாக்க மூலம்)
Original cataloging agency DLC
Transcribing agency DLC
Modifying agency DLC
082 00 - DDC Classification
Class No. 305.4/2
DDC Edition Number 19
Item Number - Author Mark SUS.
100 1# - MAIN ENTRY--PERSONAL NAME
Personal name Bassnett, Susan.
245 10 - TITLE STATEMENT
Title Feminist experiences :
Remainder of title the women's movement in four cultures /
Statement of responsibility, etc. Susan Bassnett.
260 ## - PUBLICATION, DISTRIBUTION, ETC.
Place of publication, distribution, etc. London ;
-- Boston :
Name of publisher, distributor, etc. Allen & Unwin,
Date of publication, distribution, etc. 1986.
300 ## - PHYSICAL DESCRIPTION
Extent (e.g. Volumes, Pages etc.) 194 p. ;
500 ## - GENERAL NOTE
General note Includes index.
650 #0 - SUBJECT ADDED ENTRY--TOPICAL TERM
Topical term or geographic name entry element Feminism
650 #0 - SUBJECT ADDED ENTRY--TOPICAL TERM
Topical term or geographic name entry element Feminism
650 #0 - SUBJECT ADDED ENTRY--TOPICAL TERM
Topical term or geographic name entry element Feminism
650 #0 - SUBJECT ADDED ENTRY--TOPICAL TERM
Topical term or geographic name entry element Feminism
650 #0 - SUBJECT ADDED ENTRY--TOPICAL TERM
Topical term or geographic name entry element Feminism
942 ## - Koha item type (Biblio)
Koha item type Books in Stacks (Lending)
Holdings
Lost status Damaged status Collection code Home library Current library Date acquired Full call number Accession Number Item type
    Lending WERC Library WERC Library 11/30/2023 305.4/2 SUS. 1162 Books in Stacks (Lending)

© WERC Library